| 000 | 00606nam a2200205 a 4500 | ||
|---|---|---|---|
| 005 | 20220622063531.0 | ||
| 008 | 080303s1998 cl r 000 0 spa d | ||
| 020 | _a9583004588 | ||
| 035 | _aUPN01000154694 | ||
| 049 | _aCG | ||
| 050 | 4 |
_aPQ8519 Q5 _bC8.4j |
|
| 100 | 1 |
_aQuiroga, Horacio, _d1878-1937 _929892 |
|
| 245 | 1 | 0 |
_aCuentos de la selva / _cHoracio Quiroga ; il. Esperanza Vallejo. |
| 260 |
_aBogotá : _bPanamericana, _c1998. |
||
| 300 |
_a186 p. : _bil. |
||
| 440 | 0 | _aJuvenil | |
| 650 | 4 |
_aLITERATURA JUVENIL URUGUAYA _912905 |
|
| 650 | 0 |
_aAnimales _vCuentos y leyendas _9234 |
|
| 905 | _aLibro | ||
| 999 |
_c126811 _d126811 |
||